000 00642nam a2200241Ia 4500
003 OSt
005 20221007075600.0
006 a|||||r|||| 00| 0
007 ta
008 221006b |||||||| |||| 00| 0 eng d
024 _a35,098
037 _cTextual
040 _aFLL
_cFLL
_beng
041 _2eng
_aeng
082 _aD854:Z2, P5
100 _aGurdip Singh
245 0 _aEnvironmental law in India (Reprint 2009)
250 _a1st
260 _aNew Delhi
_bMacmillan Publishers India Ltd. India
_c2005
300 _axix,421p
_ccm.
942 _hD854:Z2, P5
_cTEXL
_2CC
999 _c1156632
_d1156632